| 000 | 00378nam a2200157Ia 4500 | ||
|---|---|---|---|
| 008 | 230524s9999 xx 000 0 und d | ||
| 082 |
_a4.62 _bFAU |
||
| 100 | _aLaurence Fausett | ||
| 245 | 0 | _aFundamentals of Neural Networks | |
| 250 | _a4TH | ||
| 260 |
_aNEW DELHI _bPearson _c2004 |
||
| 300 | _aXI;449 | ||
| 500 | _aQuantity Number: 2 | ||
| 650 | _aComp-Sc | ||
| 942 | _cBK | ||
| 999 |
_c30781 _d30781 |
||